[Event "GER Seniors Derby 09th"]
[Site "Wesel Undeloh"]
[Date "2010.04.10"]
[Round "5.21"]
[White "Baumann, Bettina"]
[Black "Beyer, Karl Heinz"]
[Result "1-0"]
[WhiteElo "1595"]
[BlackElo "1386"]
[PlyCount "47"]
[EventDate "2010.04.08"]
[EventType "swiss"]
[EventRounds "7"]
[EventCountry "GER"]
[SourceTitle "EXT 2022"]
[Source "ChessBase"]
[SourceDate "2021.10.06"]
[SourceVersion "1"]
[SourceVersionDate "2021.10.06"]
[SourceQuality "1"]

1. d4 Nf6 2. c4 c6 3. Nc3 d5 4. e3 Bf5 5. Nf3 Nbd7 6. c5 h6 7. Be2 Qc7 8. b4 a6 9. 0-0 e5 10. dxe5 Nxe5 11. Nxe5 Qxe5 12. Qd4 Qxd4 13. exd4 Be7 14. Re1 0-0 15. Bxa6 Bd8 16. Bxb7 Rb8 17. Bxc6 Rxb4 18. Be3 Ba5 19. Rec1 Rd8 20. Nd1 Rdb8 21. Bd2 Rxd4 22. Bxa5 Rc4 23. Ne3 Rxc1+ 24. Rxc1 1-0